| 000 | 01007cab a2200277 4500 | ||
|---|---|---|---|
| 001 | WB3215-93 | ||
| 008 | 090401t1996 xxu||||| |||| 00| 0 eng d | ||
| 035 | _a(Sirsi) u70142 | ||
| 041 | _aeng | ||
| 245 | _aOvervaluation by surveyors | ||
| 260 | _c1996 | ||
| 350 | _a0 | ||
| 490 |
_aEstates Gazette Case Summaries _v[1996] EGCS 60(1) (6/4/96) |
||
| 520 | _a"Cavendish Funding Ltd v Henry Spencer & Sons Ltd", ChD 21 March 1996. Valuer admitted negligence in overvaluing a property. Borrower failed to repay loan based on valuation. Lender claiming damages. Damages reduced by current value of property. Plaintiff bank`s loss was the capital sum loaned. | ||
| 650 | _aBANK LOAN | ||
| 650 | _aPROPERTY-COMMERCIAL PROPERTY | ||
| 650 | _aDAMAGES | ||
| 650 | _aMARKET VALUE | ||
| 650 | _aNEGLIGENCE | ||
| 650 | _aOVER-VALUATION | ||
| 650 | _aPROPERTY VALUATION | ||
| 650 | _aSURVEYORS | ||
| 690 | _aMANAGEMENT-BUSINESS MANAGEMENT-PROFESSIONAL PRACTICE | ||
| 942 | _n0 | ||
| 948 | _c04/03/1997 | ||
| 999 |
_c44127 _d44127 |
||